Boj proti pohlavným chorobám

Podrobná bibliografia
Hlavný autor: Malý, Eugen, 1912-1984 (Autor)
Médium: Kniha
Jazyk:slovenčina
Fyzický popis:44, [i] s., [4] rozkl. listy ilustrácie, tabuľky, vzory 21 cm
Vydavateľské údaje: Bratislava Spolok pre boj proti pohlavným chorobám 1944
Predmet:

MARC

LEADER 00000cam a2200000 a 4500
001 vtls008384239
003 SK-MaSNL
005 20260301093914.0
008 250313s1944 xo a g 000 0 slo
015 |a SNBA19421945-072/1601 
035 |a SK01SNKBKSD220010076456 
035 |a urn:nbn:sk:snk-am3hxif 
035 |a 453198FB-20BB-4861-99E8-3D76431EE8EC 
035 |a urn:nbn:sk:snk-am00dcip 
035 |a SKM000078919 
040 |a SNK  |b slo  |c SNK  |e AACR2 
041 0 |a slo 
044 |a xo  |c SK 
080 |a 61  |2 1981 
100 1 |a Malý, Eugen,  |d 1912-1984  |4 aut  |9 214579 
245 1 0 |a Boj proti pohlavným chorobám  |c spracoval E. Malý 
260 |a Bratislava  |b Spolok pre boj proti pohlavným chorobám  |c 1944  |e Bratislava  |f Andrej 
300 |a 44, [i] s., [4] rozkl. listy  |b ilustrácie, tabuľky, vzory  |c 21 cm 
650 0 7 |a pohlavné choroby  |2 SNKPH  |9 2564 
650 0 7 |a prevencia ochorení  |2 SNKPH  |9 69501 
655 7 |a príručky  |2 SNKPH  |9 74364 
852 |a Slovenská národná knižnica 
958 |a RK 
958 |a TL 
958 |a MI 
958 |a OND 
999 |c 678574  |d 680504 
952 |a SNK  |b SNK  |y PREZ  |7 0  |p 17A0771003  |o snkSC 6123  |i snk5073/55  |0 0  |1 0  |4 0  |d 2019-04-26  |f 1  |l 0  |r 2025-07-04 00:00:00  |w 2026-02-23